000 00777nam a2200301Ia 4500
005 20260401122334.0
008 008 250103s9999 xx 000 0 eng d
020 _a817046207X
037 _aTB
040 _aEDL
040 _beng
040 _cEDL
041 _2eng
041 _aeng
084 _a770.95414 THA
084 _qEDL
100 _aThakurta, Tapti Guha
_91233289
245 0 _aVisuals Worlds of Modern Bengal: Introduction to the Pictorial and Photographic Material in the Documentation Archive of the Csssc
245 0 _cThakurta, Tapti Guha
260 _aCalcutta
260 _bSeagull Books
260 _c2002
300 _a48p
942 _cTB
942 _h770.95414 THA
999 _c1846615
_d1846615